Diccionario de la lengua castellana en que se explica el verdadero sentido de las voces... [ (Record no. 5088)
[ view plain ]
| 000 -LEADER | |
|---|---|
| campo de control de longitud fija | 00801nam a2200205 i 4500 |
| 001 - NÚMERO DE CONTROL | |
| campo de control | 5088 |
| 003 - IDENTIFICADOR DE NÚMERO DE CONTROL | |
| campo de control | ES-MaACL |
| 005 - FECHA Y HORA DE LA ÚLTIMA TRANSACCIÓN | |
| campo de control | 20230906144525.0 |
| 007 - CAMPO FIJO DE DESCRIPCIÓN FÍSICA--INFORMACIÓN GENERAL | |
| campo de control de longitud fija | t| |
| 008 - DATOS DE LONGITUD FIJA--INFORMACIÓN GENERAL | |
| campo de control de longitud fija | 890811r19891726sp a ||||1| spa d |
| 080 ## - NÚMERO DE LA CLASIFICACIÓN DECIMAL UNIVERSAL | |
| Número de la Clasificación Decimal Universal | 46-3 |
| 245 00 - MENCIÓN DEL TÍTULO | |
| Título | Diccionario de la lengua castellana en que se explica el verdadero sentido de las voces... [ |
| Medio | Microforma]. |
| 260 ## - PUBLICACIÓN, DISTRIBUCIÓN, ETC. | |
| Lugar de publicación, distribución, etc. | Madrid : |
| Nombre del editor, distribuidor, etc. | Ateneo Cientifico, Literario y Artistico, |
| Fecha de publicación, distribución, etc. | 1989. |
| 300 ## - DESCRIPCIÓN FÍSICA | |
| Extensión | 3 carretes de microfilme : |
| Otras características físicas | negativo ; |
| Dimensiones | 35 mm. |
| 500 ## - NOTA GENERAL | |
| Nota general | Publicado originalmente: Madrid, Real Academia de la Lengua Española, 1726-39. 1a ed. en 6 v. |
| 505 8# - NOTA DE CONTENIDO CON FORMATO | |
| Nota de contenido con formato | Carrete n. 1: A-C -- Carrete n. 2: D-L -- Carrete n. 3: M-Z |
| 650 14 - PUNTO DE ACCESO ADICIONAL DE MATERIA--TÉRMINO DE MATERIA | |
| Término de materia o nombre geográfico como elemento de entrada | Obras anteriores a 1800. |
| 9 (RLIN) | 15661 |
| 650 14 - PUNTO DE ACCESO ADICIONAL DE MATERIA--TÉRMINO DE MATERIA | |
| Término de materia o nombre geográfico como elemento de entrada | Lengua española- |
| Subdivisión de forma | Diccionarios. |
| 9 (RLIN) | 14137 |
| 852 ## - LOCALIZACIÓN | |
| Ubicación | ES-MaACLM |
| Número de control de estantería | M-97-99 |
| Estatus retirado | Estado de pérdida | Estado de daño | No para préstamo | Colección | Biblioteca de origen | Biblioteca actual | Ubicación en estantería | Fecha de adquisición | Fuente de adquisición | Total de préstamos | Signatura topográfica completa | Código de barras | Visto por última vez | Precio de reemplazo | Tipo de ítem Koha |
|---|---|---|---|---|---|---|---|---|---|---|---|---|---|---|---|
| Colección de referencia | Biblioteca del Ateneo de Madrid | Biblioteca del Ateneo de Madrid | Depósito 1 | 17/01/2008 | M-97-99 | 1005151 | 23/02/2023 | 23/02/2023 | Libro impreso |
